000
00187 a2200097 4500
001
20546
100
_a
G S I
245
_a
Popular science
260
_a
_b
G S I
_c
090
_c
14941
_d
14941
942
_a
NUST-CAE
_c
M
_c
5493
999
_c
255619
_d
255619